NBA: Most Charges Drawn (2020-2021 Season) - Statistics

General Stats
  • This quiz has been taken 57 times
    39 since last reset
  • The average score is 13 of 50
Answer Stats
# Player Charges % Correct
3 Kyle Lowry 39
83%
T8 Marcus Smart 31
56%
T38 Paul George 20
50%
T21 Thaddeus Young 25
44%
T19 Damian Lillard 26
42%
T43 Jamal Murray 19
42%
10 Draymond Green 30
39%
T38 Ish Smith 20
39%
T36 Jeff Green 21
39%
T43 Ben Simmons 19
36%
T27 Mike Conley 22
36%
T8 Tim Hardaway Jr. 31
36%
T38 Josh Jackson 20
33%
T27 Kentavious Caldwell-Pope 22
33%
T13 Michael Carter-Williams 28
33%
T6 Alex Caruso 32
31%
T27 Collin Sexton 22
31%
T43 Darius Garland 19
31%
T23 De'Aaron Fox 23
31%
T11 Kemba Walker 29
31%
T27 P.J. Tucker 22
31%
T21 Terry Rozier 25
31%
T13 Blake Griffin 28
28%
T11 Derrick White 29
28%
T38 Coby White 20
25%
5 Jalen Brunson 34
25%
1 Luguentz Dort 57
25%
T13 Montrezl Harrell 28
25%
T13 Dennis Schröder 28
22%
T27 T.J. McConnell 22
22%
T36 Victor Oladipo 21
22%
T49 Jae Crowder 18
19%
T27 Jerami Grant 22
17%
T23 Kelly Oubre Jr. 23
17%
T43 Ricky Rubio 19
17%
T23 Wesley Matthews 23
17%
T19 Eric Bledsoe 26
14%
T23 Patty Mills 23
14%
18 Facundo Campazzo 27
11%
T27 Kelly Olynyk 22
11%
4 Raul Neto 37
11%
T49 Marvin Bagley III 18
8%
T27 Royce O'Neale 22
8%
T6 Jae'Sean Tate 32
6%
T13 Josh Okogie 28
6%
T27 Cameron Payne 22
3%
2 Garrison Mathews 43
3%
T43 Kent Bazemore 19
3%
T38 Moritz Wagner 20
0%
T43 Ryan Arcidiacono 19
0%
No matching quizzes found
Score Distribution
Percent of People with Each Score
Percentile by Number Answered
Your Score History
You have not taken this quiz since the last reset